000 00284pam a2200133 a 4500
020 _c
041 _aeng
082 _a820
_bWOO
100 _aWoolf .Le.
245 _aAfter The Dluge
_hTextual Documents
260 _aNew York
_bPenguin Books Ltd
300 _a278p.
930 _a15290
999 _c92190
_d92190